<?xml version="1.0" encoding="UTF-8"?>
<record
    xmlns:xsi="http://www.w3.org/2001/XMLSchema-instance"
    xsi:schemaLocation="http://www.loc.gov/MARC21/slim http://www.loc.gov/standards/marcxml/schema/MARC21slim.xsd"
    xmlns="http://www.loc.gov/MARC21/slim">

  <leader>00914cam6a220024100 4500</leader>
  <controlfield tag="001">qce00882713</controlfield>
  <controlfield tag="005">20190821150242.0</controlfield>
  <controlfield tag="008">740417s1964    nmua     b    000 0 eng  </controlfield>
  <datafield tag="010" ind1=" " ind2=" ">
    <subfield code="a">   64024355</subfield>
  </datafield>
  <datafield tag="035" ind1=" " ind2=" ">
    <subfield code="a">(Sirsi) r92458</subfield>
  </datafield>
  <datafield tag="035" ind1=" " ind2=" ">
    <subfield code="a">(QCAT)lss00560655</subfield>
  </datafield>
  <datafield tag="035" ind1=" " ind2=" ">
    <subfield code="a">(UPRA)qce00882713</subfield>
  </datafield>
  <datafield tag="040" ind1=" " ind2=" ">
    <subfield code="d">UPRA</subfield>
  </datafield>
  <datafield tag="050" ind1="0" ind2=" ">
    <subfield code="a">GN2</subfield>
    <subfield code="b">.N4 no.11</subfield>
  </datafield>
  <datafield tag="100" ind1="1" ind2=" ">
    <subfield code="a">Ellis, Florence Hawley.</subfield>
    <subfield code="6">A51340.1</subfield>
  </datafield>
  <datafield tag="245" ind1="1" ind2="2">
    <subfield code="a">A reconstruction of the basic Jemez pattern of social organization :</subfield>
    <subfield code="b">with comparisons to other Tanoan social structures.</subfield>
  </datafield>
  <datafield tag="260" ind1=" " ind2=" ">
    <subfield code="a">Albuquerque :</subfield>
    <subfield code="b">University of New Mexico Press,</subfield>
    <subfield code="c">1964.</subfield>
  </datafield>
  <datafield tag="440" ind1=" " ind2="0">
    <subfield code="a">University of New Mexico publications in anthropology ;</subfield>
    <subfield code="v">no. 11</subfield>
    <subfield code="6">S8172.1</subfield>
  </datafield>
  <datafield tag="504" ind1=" " ind2=" ">
    <subfield code="a">Bibliography: p. 62-65.</subfield>
  </datafield>
  <datafield tag="650" ind1=" " ind2="0">
    <subfield code="a">Jemez Indians -- Social life and customs.</subfield>
    <subfield code="x">Jemez Indians -- Social life and customs.</subfield>
    <subfield code="6">S40276.1</subfield>
  </datafield>
  <datafield tag="949" ind1=" " ind2=" ">
    <subfield code="a">GN2</subfield>
    <subfield code="w">lcc</subfield>
    <subfield code="i">-130095</subfield>
    <subfield code="m">MAIN</subfield>
    <subfield code="t">BOOK</subfield>
    <subfield code="l">ON-SHELF</subfield>
  </datafield>
  <controlfield tag="004">92458</controlfield>
  <datafield tag="999" ind1=" " ind2=" ">
    <subfield code="c">119901</subfield>
    <subfield code="d">119901</subfield>
  </datafield>
</record>
